100 Largest Cities in North Carolina with a Map - Statistics

General Stats
  • This quiz has been taken 874 times
  • The average score is 46 of 100
Answers on the Map
Answers color-coded by a green-red scale on the quiz's map according to % correct below.
 
Answer Stats
Population City % Correct
874,579 Charlotte
98%
467,665 Raleigh
95%
283,506 Durham
94%
299,035 Greensboro
94%
94,589 Asheville
92%
249,545 Winston-Salem
91%
115,451 Wilmington
88%
208,501 Fayetteville
85%
174,721 Cary
80%
87,521 Greenville
78%
61,960 Chapel Hill
75%
114,059 High Point
73%
80,411 Gastonia
72%
105,240 Concord
70%
72,723 Jacksonville
69%
58,780 Apex
68%
53,114 Kannapolis
64%
57,303 Burlington
63%
54,341 Rocky Mount
63%
19,092 Boone
62%
43,490 Hickory
61%
47,601 Wake Forest
59%
31,291 New Bern
56%
33,657 Goldsboro
55%
61,376 Huntersville
55%
15,060 Henderson
54%
27,156 Asheboro
53%
50,193 Mooresville
53%
47,851 Wilson
52%
18,631 Elizabeth City
51%
35,540 Salisbury
50%
28,419 Statesville
50%
15,137 Hendersonville
49%
34,562 Monroe
49%
19,025 Lumberton
47%
21,918 Shelby
46%
34,152 Fuquay-Varina
45%
29,630 Morrisville
45%
19,632 Lexington
44%
29,435 Matthews
44%
31,159 Garner
43%
10,676 Mount Airy
43%
39,997 Indian Trail
42%
17,581 Pinehurst
42%
15,229 Roanoke Rapids
41%
30,261 Sanford
41%
15,106 Davidson
40%
41,239 Holly Springs
40%
19,900 Kinston
40%
18,352 Lenoir
40%
17,797 Mebane
40%
9,875 Washington
40%
16,432 Albemarle
39%
21,295 Carrboro
39%
9,556 Morehead City
39%
15,545 Southern Pines
39%
26,307 Clayton
38%
31,412 Cornelius
38%
9,660 Hillsborough
38%
11,091 Lincolnton
38%
17,474 Morganton
38%
9,243 Rockingham
38%
8,426 Black Mountain
37%
27,183 Thomasville
37%
26,449 Kernersville
36%
19,435 Knightdale
36%
14,978 Laurinburg
36%
10,140 Waynesville
36%
8,446 Dunn
35%
15,421 Eden
35%
11,336 Elon
35%
17,157 Graham
35%
11,142 Kings Mountain
35%
13,148 Newton
35%
8,628 Oxford
35%
10,602 Pineville
35%
11,292 Smithfield
35%
20,534 Waxhaw
35%
18,967 Harrisburg
34%
10,721 Tarboro
34%
26,450 Mint Hill
33%
22,908 Leland
32%
14,583 Reidsville
32%
17,703 Mount Holly
31%
15,010 Belmont
30%
8,516 Aberdeen
29%
21,163 Clemmons
29%
16,621 Havelock
27%
17,808 Hope Mills
27%
9,475 Rolesville
27%
13,181 Weddington
27%
9,793 Wendell
26%
11,907 Archdale
25%
10,462 Winterville
25%
13,381 Lewisville
23%
11,660 Spring Lake
23%
10,951 Summerfield
23%
8,681 Wesley Chapel
22%
16,112 Stallings
21%
8,920 Gibsonville
19%
No matching quizzes found
Score Distribution
Percent of People with Each Score
Percentile by Number Answered
Your Score History
You have not taken this quiz